01418nam a2200337 a 4500001001000000003000500010005001700015008004100032010001100073011001100084040000900095090001000104100005000114245010500164260004100269500006000310502008000370590004100450590004000491590004000531650003700571650004100608650005300649856007000702901000700772942001000779942000600789999001900795952013100814952013500945000113167CHAP20220329144341.0170508s2016 mx sm |||||||spa d a109628 a110600 cCHAP aTesis1 aVázquez Márquez, Gustavo Emmanuel913212410aDescripción de un sistema de moto-aserrioh[En línea]cpor Gustavo Emmanuel Vázquez Márquez. aChapingo, Méx. :bEl autor,c2016. aPara ver el contenido del material haga clic en la liga aTesis (Ing. Forestal Industrial) -- UACH. División de Ciencias Forestales aE11695DGDb10c20170511lUCH01h1027 aE5765TAJb05c20170508lUCH01h0911 aE5765TAJb05c20170508lUCH01h091214aAserraderosxMaquinaria.912850514aMaderaxCortexEvaluación.913212614aSierras de cadenaxCombustiblexConsumo.9132125 aFinding aiduhttp://10.13.5.2/tesis/sist113167.pdfzTeclea aquí aBK cTESIS n0 c109628d109628 00104054718TESISaBCbBCd2017-05-08fTESISl0oTesisp113169-10r2019-12-31 00:00:00w2019-12-31yTESISzRecien adquirido 00102local4053708TESISaBCbBCcPA_TESISd2017-05-08fTESISl0oTesisp113169-20r2019-12-31 00:00:00tc.2w2019-12-31yTESIS